|
|
|
|
| LEADER |
00000nas a2200000 a 4500 |
| 001 |
ssj0011062 |
| 003 |
WaSeSS |
| 005 |
20200512172242.0 |
| 006 |
m d |
| 007 |
cr n |
| 008 |
971024c19979999meuzr p s 0 a0eng c |
| 010 |
|
|
|a 98658626
|
| 022 |
|
|
|l 1099-8284
|y 1099-8284
|
| 030 |
|
|
|a KMWOFD
|
| 032 |
|
|
|a 009564
|b USPS
|
| 035 |
|
|
|a (WaSeSS)ssj0011062
|
| 040 |
|
|
|a SFR
|b eng
|c SFR
|d DLC
|d NSD
|d CAS
|d NSD
|d EYM
|d OCLCQ
|d DLC
|d CUS
|d U9S
|d OCLCQ
|d OCLCF
|d OCLCO
|d RDF
|d WaSeSS
|
| 042 |
|
|
|a pcc
|a nsdp
|
| 050 |
0 |
0 |
|a HF5736
|b .I453
|
| 082 |
0 |
0 |
|a 651.5/3
|2 20
|
| 210 |
0 |
|
|a KM world
|
| 222 |
|
0 |
|a KM world
|
| 245 |
0 |
0 |
|a KM world
|h [electronic resource].
|
| 246 |
3 |
|
|a Knowledge management world
|
| 260 |
|
|
|a Camden, ME :
|b Knowledge Asset Media,
|c c1997-
|
| 310 |
|
|
|a Eighteen issues yearly
|
| 362 |
0 |
|
|a Vol. 6, issue 15 (Oct. 20, 1997)-
|
| 500 |
|
|
|a Title from caption.
|
| 506 |
|
|
|a License restrictions may limit access.
|
| 650 |
|
0 |
|a Business records
|x Management
|x Data processing
|v Periodicals.
|
| 650 |
|
0 |
|a Document imaging systems
|v Periodicals.
|
| 650 |
|
0 |
|a Documents in optical storage
|v Periodicals.
|
| 650 |
|
6 |
|a Gestion des documents
|x Informatique
|x Périodiques.
|
| 650 |
|
6 |
|a Gestion électronique de documents
|x Périodiques.
|
| 650 |
|
6 |
|a Documents sur disques optiques
|x Périodiques.
|
| 650 |
|
7 |
|a Business records
|x Management
|x Data processing.
|2 fast
|0 (OCoLC)fst00842861
|
| 650 |
|
7 |
|a Document imaging systems.
|2 fast
|0 (OCoLC)fst00896066
|
| 650 |
|
7 |
|a Documents in optical storage.
|2 fast
|0 (OCoLC)fst00896126
|
| 655 |
|
0 |
|a Electronic journals.
|
| 780 |
0 |
0 |
|t IW
|x 1099-8276
|w (DLC) 98658627
|w (OCoLC)34685368
|
| 850 |
|
|
|a DLC
|a MiU
|
| 856 |
4 |
0 |
|z Full text available from Research Library: 02/01/2004 to present
|u https://search.proquest.com/publication/25484
|